At the bottom a woman's life in Central America /
Guardat en:
| Autor principal: | |
|---|---|
| Format: | Desconegut |
| Idioma: | English |
| Publicat: |
Estados Unidos :
New Carth Press,
1994.
|
| Matèries: | |
| Etiquetes: |
Afegir etiqueta
Sense etiquetes, Sigues el primer a etiquetar aquest registre!
|
MARC
| LEADER | 000000000a22000000004500 | ||
|---|---|---|---|
| 001 | 002680 | ||
| 020 | |a 0915117126 | ||
| 041 | 0 | |a eng | |
| 082 | 0 | 4 | |a 972.863B |b G6437t |
| 100 | 1 | |a González de Sáenz, Luisa, |d 1904-1999 | |
| 245 | 1 | 0 | |a At the bottom a woman's life in Central America / |c Luisa González de Sáenz. |
| 260 | 1 | |a Estados Unidos : |b New Carth Press, |c 1994. | |
| 300 | |a xii, 121 páginas | ||
| 500 | |a Título original: A ras del suelo | ||
| 650 | 4 | |a COSTA RICA - BIOGRAFIA | |
| 650 | 4 | |a GONZÁLEZ, LUISA, 1904 | |
| 650 | 4 | |a SAN JOSE (COSTA RICA) - CONDICIONES SOCIALES | |
| 999 | |c 9049 |d 9049 | ||
| 942 | |c BK |h 972.863B G6437t |2 z | ||



